书目信息 |
| 题名: |
李嘉诚财智人生
|
|
| 作者: | 炎林 编著 | |
| 分册: | ||
| 出版信息: | 哈尔滨 黑龙江人民出版社 2003 |
|
| 页数: | 432页 | |
| 开本: | 21cm | |
| 丛书名: | ||
| 单 册: | ||
| 中图分类: | F279.276.58 | |
| 科图分类: | ||
| 主题词: | 企业管理--qi ye guan li--经验--香港 | |
| 电子资源: | ||
| ISBN: | 7-207-05904-3 | |
| 000 | 00652nam0 2200217 450 | |
| 001 | CAL 012003095367 | |
| 005 | 20061123100509.85 | |
| 010 | @a7-207-05904-3@dCNY 28.00 | |
| 099 | @aCAL 012003095367 | |
| 100 | @a20030530d2003 ekmy0chiy0121 ea | |
| 101 | 0 | @achi |
| 102 | @aCN@b230000 | |
| 200 | 1 | @a李嘉诚财智人生@Ali jia cheng cai zhi ren sheng@f炎林编著 |
| 210 | @a哈尔滨@c黑龙江人民出版社@d2003 | |
| 215 | @a432页@d21cm | |
| 600 | 0 | @a李嘉诚,@Ali jia cheng@f1928- @x生平事迹 |
| 606 | 0 | @a企业管理@Aqi ye guan li@x经验@y香港 |
| 690 | @aF279.276.58@v4 | |
| 701 | 0 | @a炎林@AYan Lin@4编著 |
| 801 | @aCN@c20061123 | |
| 905 | @a10447@dF279.276.58@eY080 | |
| 李嘉诚财智人生/炎林编著.-哈尔滨:黑龙江人民出版社,2003 |
| 432页;21cm |
| ISBN 7-207-05904-3:CNY 28.00 |
| ● |
| 相关链接 |
|
|
|
正题名:李嘉诚财智人生
索取号:F279.276.58/Y080
 
预约/预借
| 序号 | 登录号 | 条形码 | 馆藏地/架位号 | 状态 | 备注 |
| 1 | 613982 | 206139828 | 社科二线400B/400B社科库 32排3列4层/ [索取号:F279.276.58/Y080] | 在馆 | |
| 2 | 613983 | 206139837 | 社科库409/409社科库 101排5列3层/ [索取号:F279.276.58/Y080] | 在馆 |